000 01150nam a2200241Ia 4500
999 _c5384
_d5384
003 OSt
005 20200521115750.0
008 191128s2010 ck fr 000 0 spa d
020 _a9789584228284
040 _aCO-JMCR
_cCO-JMCR
041 0 _aspa
082 0 4 _a330 /
_bM394e
_223
100 1 _aMasaki Flynn, Sean,
_eautor
_94635
245 1 0 _aEconomía para dummies /
_bSean Masaki Flynn ; traducción José Giordanelli
260 _aBogotá :
_bPlaneta,
_c2010
300 _a423 páginas ;
_c23 cm.
490 0 _aPara dummies
505 0 _aEconomía: la ciencia que estudia cómo la gente maneja la escasez -- ¿Galletas o helado? Como rastrear la elección del consumidor -- Producir los bienes apropiados de la manera correcta para alcanzar la máxima felicidad
520 _a¡Aprende las claves de la economía para sacar un mayor rendimiento de tu dinero! La economía no es una disciplina reservada a los académicos y a los directivos de empresas. En realidad, la economía tiene que ver con todos los aspectos de la vida cotidiana
650 1 4 _aEconomía
_94636
700 1 _aGiordanelli, José,
_qtraductor
_94637
942 _2ddc
_cBK